[Event "Lund op"]
[Site "Lund"]
[Date "2017.04.11"]
[Round "7"]
[White "Lundell, Mathias"]
[Black "Bensryd, Hampus"]
[Result "1-0"]
[WhiteElo "1724"]
[BlackElo "1613"]
[PlyCount "47"]
[EventDate "2017.02.07"]
[EventType "swiss"]
[EventRounds "7"]
[EventCountry "SWE"]
[SourceTitle "EXT 2019"]
[Source "ChessBase"]
[SourceDate "2018.10.10"]
[SourceVersion "1"]
[SourceVersionDate "2018.10.10"]
[SourceQuality "1"]

1. c4 e5 2. Nc3 Nc6 3. g3 g6 4. Bg2 Bg7 5. d3 f5 6. e4 d6 7. Nge2 Nge7 8. 0-0 0-0 9. Nd5 Nxd5 10. cxd5 Ne7 11. Bg5 Bd7 12. Qb3 h6 13. Be3 b6 14. d4 fxe4 15. dxe5 Bxe5 16. Bxh6 Rf7 17. Bxe4 Nf5 18. Bd2 Rh7 19. Bc3 Bxc3 20. Nxc3 Qg5 21. f4 Qh5 22. Rf2 Ne3 23. Bf3 Bg4 24. Ne4 1-0

[Event "Malmo op"]
[Site "Malmo"]
[Date "2016.12.18"]
[Round "7"]
[White "Olsson, William"]
[Black "Bensryd, Hampus"]
[Result "1/2-1/2"]
[WhiteElo "1485"]
[BlackElo "1483"]
[PlyCount "83"]
[EventDate "2016.12.16"]
[EventType "swiss"]
[EventRounds "7"]
[EventCountry "SWE"]
[SourceTitle "CBM 176 Extra"]
[Source "ChessBase"]
[SourceDate "2017.03.02"]
[SourceVersion "1"]
[SourceVersionDate "2017.03.02"]
[SourceQuality "1"]

1. Nf3 Nf6 2. d4 e6 3. c4 c5 4. Bg5 cxd4 5. Nxd4 a6 6. Nc3 Be7 7. g3 h6 8. Bxf6 Bxf6 9. e3 0-0 10. Bg2 Nc6 11. 0-0 Qc7 12. Nxc6 dxc6 13. Qc2 c5 14. Ne4 Be7 15. Rfd1 Bd7 16. Rd2 Bc6 17. Rad1 Rfd8 18. Nc3 Bxg2 19. Rxd8+ Rxd8 20. Kxg2 Qc6+ 21. f3 Rxd1 22. Qxd1 Qd6 23. Qc2 Qe5 24. Qa4 Qxe3 25. Qe8+ Bf8 26. Qd7 Qd4 27. Qxd4 cxd4 28. Ne2 Bc5 29. Kf1 Kf8 30. Ke1 Ke7 31. Kd2 Kd6 32. Kd3 e5 33. a3 a5 34. Nc1 a4 35. g4 Ke6 36. Ne2 g6 37. Ng3 f5 38. h3 Be7 39. Ne2 Bc5 40. Ng3 Kf6 41. h4 Ke6 42. h5 1/2-1/2

[Event "Malmo op"]
[Site "Malmo"]
[Date "2016.12.18"]
[Round "6"]
[White "Ostergaard Nielsen, William"]
[Black "Bensryd, Hampus"]
[Result "0-1"]
[WhiteElo "1535"]
[BlackElo "1483"]
[PlyCount "48"]
[EventDate "2016.12.16"]
[EventType "swiss"]
[EventRounds "7"]
[EventCountry "SWE"]
[SourceTitle "CBM 176 Extra"]
[Source "ChessBase"]
[SourceDate "2017.03.02"]
[SourceVersion "1"]
[SourceVersionDate "2017.03.02"]
[SourceQuality "1"]

1. e4 e5 2. Nf3 Nc6 3. Nc3 Nf6 4. Bc4 Nxe4 5. Nxe4 d5 6. Bxd5 Qxd5 7. Nc3 Qd8 8. 0-0 Bd6 9. Re1 0-0 10. d3 Bg4 11. Re4 f5 12. Re1 Nd4 13. h3 Nxf3+ 14. gxf3 Bxh3 15. Ne2 Qf6 16. Qd2 h6 17. f4 Qg6+ 18. Ng3 exf4 19. Kh2 fxg3+ 20. Kxh3 Qh5+ 21. Kg2 Qh2+ 22. Kf3 g2 23. Qd1 Rae8 24. Rg1 Qh3# 0-1

[Event "SWE-chT U16 final"]
[Site "Lund"]
[Date "2016.08.13"]
[Round "3.4"]
[White "Bensryd, Hampus"]
[Black "Ng, Agnes"]
[Result "0-1"]
[WhiteElo "1520"]
[BlackElo "1366"]
[PlyCount "102"]
[EventDate "2016.08.12"]
[EventType "team-tourn"]
[EventRounds "5"]
[EventCountry "SWE"]
[SourceTitle "EXT 2019"]
[Source "ChessBase"]
[SourceDate "2018.10.10"]
[SourceVersion "1"]
[SourceVersionDate "2018.10.10"]
[SourceQuality "1"]
[WhiteTeam "Lund"]
[BlackTeam "Orgryte"]
[WhiteTeamCountry "SWE"]
[BlackTeamCountry "SWE"]

1. e4 c5 2. Nf3 Nc6 3. d4 cxd4 4. Nxd4 g6 5. Nc3 Bg7 6. Be3 Nf6 7. f3 0-0 8. Qd2 d6 9. 0-0-0 Bd7 10. h4 h5 11. Be2 Ne5 12. Rdg1 Kh7 13. Nd5 Nxd5 14. exd5 Qc8 15. g4 Nc4 16. Bxc4 Qxc4 17. Nb3 Rac8 18. gxh5 Bf5 19. hxg6+ fxg6 20. Rg2 a5 21. Bd4 Qxd5 22. Qd1 Bh6+ 23. Kb1 a4 24. Nc1 Bxc1 25. Kxc1 Qxa2 26. Bc3 Qa1+ 27. Kd2 Qxd1+ 28. Kxd1 a3 29. h5 e5 30. hxg6+ Kg7 31. Kc1 a2 32. Kd2 Rh8 33. Ra1 Ra8 34. f4 Rhd8 35. Kc1 Kf6 36. g7 Rg8 37. fxe5+ dxe5 38. Re2 Kxg7 39. Rxe5 Kh6 40. Kd2 Rg2+ 41. Re2 Rxe2+ 42. Kxe2 Bxc2 43. Kd2 Bb1 44. Be5 Rc8 45. Bc3 Kg6 46. Bd4 Kf5 47. Ke3 b5 48. Bg7 b4 49. Kf3 b3 50. Bc3 Rxc3+ 51. Ke2 Rc2+ 0-1

[Event "SWE-chT U16 final"]
[Site "Lund"]
[Date "2016.08.12"]
[Round "1.4"]
[White "Lindholm, Gustav"]
[Black "Bensryd, Hampus"]
[Result "1/2-1/2"]
[WhiteElo "1445"]
[BlackElo "1520"]
[PlyCount "78"]
[EventDate "2016.08.12"]
[EventType "team-tourn"]
[EventRounds "5"]
[EventCountry "SWE"]
[SourceTitle "EXT 2019"]
[Source "ChessBase"]
[SourceDate "2018.10.10"]
[SourceVersion "1"]
[SourceVersionDate "2018.10.10"]
[SourceQuality "1"]
[WhiteTeam "Manhem"]
[BlackTeam "Lund"]
[WhiteTeamCountry "SWE"]
[BlackTeamCountry "SWE"]

1. d4 Nf6 2. c4 e5 3. dxe5 Ng4 4. Bf4 Nc6 5. Nf3 Bb4+ 6. Nbd2 Qe7 7. e3 Ngxe5 8. Nxe5 Nxe5 9. a3 Bxd2+ 10. Qxd2 d6 11. Be2 0-0 12. 0-0 a5 13. Rac1 b6 14. Rfd1 Bb7 15. Qc2 f5 16. Bd3 Nxd3 17. Qxd3 Qf6 18. Qd4 g5 19. Qxf6 Rxf6 20. Bg3 Rg6 21. f4 g4 22. Be1 h5 23. Rc3 Kf7 24. Bh4 a4 25. Kf2 Re6 26. Rd4 Re4 27. Rcd3 Ke6 28. Bg5 Kd7 29. Bf6 Rg8 30. Bg5 Rge8 31. Bf6 Ba6 32. Rc3 c5 33. Rd5 Ke6 34. Bg5 Rxc4 35. Rxc4 Bxc4 36. Rd2 Kd7 37. h3 Kc6 38. Bf6 Re6 39. Bc3 h4 1/2-1/2